[Event "St Ingbert op"]
[Site "St Ingbert"]
[Date "1988.??.??"]
[Round "3"]
[White "Castellano, Henri"]
[Black "Herber, Frank"]
[Result "0-1"]
[WhiteElo "1735"]
[BlackElo "1464"]
[PlyCount "28"]
[EventDate "1988.08.20"]
[EventType "swiss"]
[EventRounds "9"]
[EventCountry "GER"]
[SourceTitle "EXT 2002"]
[Source "ChessBase"]
[SourceDate "2001.11.25"]
[SourceVersion "1"]
[SourceVersionDate "2001.11.25"]
[SourceQuality "1"]

1. e4 Nf6 2. Nc3 d5 3. exd5 Nxd5 4. Nxd5 Qxd5 5. Nf3 Nc6 6. d3 Bg4 7. Be2 e6 8. 0-0 Bd6 9. Be3 Qh5 10. h3 Bxh3 11. Ng5 Bg4 12. g3 Bxe2 13. Qd2 h6 14. Nxf7 Bf3 0-1

[Event "St Ingbert op"]
[Site "St Ingbert"]
[Date "1988.??.??"]
[Round "7"]
[White "Herber, Frank"]
[Black "Roth, Stefan"]
[Result "1/2-1/2"]
[WhiteElo "1664"]
[BlackElo "1912"]
[PlyCount "68"]
[EventDate "1988.08.20"]
[EventType "swiss"]
[EventRounds "9"]
[EventCountry "GER"]
[SourceTitle "EXT 2002"]
[Source "ChessBase"]
[SourceDate "2001.11.25"]
[SourceVersion "1"]
[SourceVersionDate "2001.11.25"]
[SourceQuality "1"]

1. e4 c5 2. Nf3 d6 3. d4 cxd4 4. Nxd4 Nf6 5. Nc3 g6 6. f3 Bg7 7. Be3 0-0 8. Qd2 Nc6 9. Be2 d5 10. Nxc6 bxc6 11. e5 Nd7 12. f4 e6 13. g4 f6 14. exf6 Nxf6 15. g5 Nd7 16. 0-0-0 Qa5 17. Bd4 e5 18. fxe5 Nxe5 19. a3 Rb8 20. Rdf1 Bf5 21. Nd1 Qxd2+ 22. Kxd2 Nc4+ 23. Bxc4 Bxd4 24. Bb3 Be4 25. Rxf8+ Rxf8 26. Re1 Bf3 27. c4 Bxd1 28. Kxd1 Bxb2 29. cxd5 Rd8 30. Kc2 Bxa3 31. dxc6+ Kf8 32. Ba4 Bd6 33. Re2 Bc7 34. Kc3 Rd5 1/2-1/2

[Event "St Ingbert op"]
[Site "St Ingbert"]
[Date "1988.??.??"]
[Round "9"]
[White "Hubig, Volker"]
[Black "Herber, Frank"]
[Result "0-1"]
[WhiteElo "1896"]
[BlackElo "1464"]
[PlyCount "23"]
[EventDate "1988.08.20"]
[EventType "swiss"]
[EventRounds "9"]
[EventCountry "GER"]
[SourceTitle "EXT 2002"]
[Source "ChessBase"]
[SourceDate "2001.11.25"]
[SourceVersion "1"]
[SourceVersionDate "2001.11.25"]
[SourceQuality "1"]

1. c4 e6 2. e4 b6 3. d4 d5 4. exd5 exd5 5. cxd5 Qxd5 6. Nc3 Qd8 7. Qf3 c6 8. Bc4 Nf6 9. Be3 Bb4 10. Qg3 0-0 11. Nf3 Ne4 12. Qe5 0-1

[Event "St Ingbert op"]
[Site "St Ingbert"]
[Date "1988.??.??"]
[Round "1"]
[White "Snijders, Frans"]
[Black "Herber, Frank"]
[Result "1-0"]
[WhiteElo "2003"]
[BlackElo "1464"]
[PlyCount "41"]
[EventDate "1988.08.20"]
[EventType "swiss"]
[EventRounds "9"]
[EventCountry "GER"]
[SourceTitle "EXT 2002"]
[Source "ChessBase"]
[SourceDate "2001.11.25"]
[SourceVersion "1"]
[SourceVersionDate "2001.11.25"]
[SourceQuality "1"]

1. e4 c5 2. Nf3 d6 3. d4 cxd4 4. Nxd4 Nf6 5. Nc3 g6 6. f4 Bg7 7. e5 dxe5 8. fxe5 Nfd7 9. e6 Nb6 10. exf7+ Kxf7 11. Be3 Rf8 12. Qd2 Kg8 13. 0-0-0 Bd7 14. Ne6 Qc8 15. Nxf8 Bxc3 16. Qxc3 Qxc3 17. bxc3 Kxf8 18. Be2 Ke8 19. Rhf1 Nc6 20. Bh6 Kd8 21. Rf7 1-0